Mario or Sonic? - Statistics

General Stats
  • This quiz has been taken 1,262 times
  • The average score is 17 of 18
Answer Stats
Hint Extra Hint Answer % Correct
Knuckles Knuckles Sonic
97%
Shadow Shadow Sonic
97%
Silver Silver Sonic
97%
Tails Tails Sonic
96%
Blaze Blaze Sonic
96%
Metal Sonic Metal Sonic Sonic
96%
Peach Peach Mario
96%
Waluigi Waluigi Mario
96%
Bowser Bowser Mario
96%
Donkey Kong Donkey Kong Mario
96%
Bowser Jr. Bowser Jr. Mario
96%
Amy Amy Sonic
95%
Luigi Luigi Mario
95%
Daisy Daisy Mario
95%
Yoshi Yoshi Mario
95%
Wario Wario Mario
95%
Dr. Eggman Dr. Eggman Sonic
94%
Vector Vector Sonic
93%
No matching quizzes found
Score Distribution
Percent of People with Each Score
Percentile by Number Answered
Your Score History
You have not taken this quiz